Normal view MARC view
  • Simkin, Lyndon

Entry Personal Name

Number of records used in: 1

001 - CONTROL NUMBER

  • control field: 4610

003 - CONTROL NUMBER IDENTIFIER

  • control field: URS

005 - DATE AND TIME OF LATEST TRANSACTION

  • control field: 20230508105132.0

008 - FIXED-LENGTH DATA ELEMENTS

  • fixed length control field: 230508|| aca||aabn | a|a d

040 ## - CATALOGING SOURCE

  • Original cataloging agency: URS

100 ## - HEADING--PERSONAL NAME

  • Personal name: Simkin, Lyndon
  • Relator term: author

University of Rizal System
Email us at univlibservices@urs.edu.ph

Visit our Website www.urs.edu.ph/library